| 000 | 00364 a2200109 4500 | ||
|---|---|---|---|
| 001 | ART_13561 | ||
| 005 | 20260410161910.0 | ||
| 008 | 260409a | ||
| 245 | 1 | 0 | _aPosibilidades y dificultades de un análisis espacial contestario |
| 100 | 1 | _aCoraggio, José Luis | |
| 773 | 0 |
_tDemografía y economía _g- Vol. XI, Nº 32 (mayo/ago. 1977) _wREV13200 |
|
| 999 |
_c26742 _d26742 |
||